Every Misfits song (Danzig era) - Statistics

General Stats
  • This quiz has been taken 24 times
  • The average score is 27 of 56
Answer Stats
Static Age (1978/1996) % Correct
Earth A.D. (1983) Green Hell
80%
Collection II (1995) Halloween
80%
Static Age (1978/1996) Last Caress
80%
Static Age (1978/1996) Bullet
73%
Static Age (1978/1996) Hybrid Moments
73%
Walk Among Us (1981) Skulls
73%
Static Age (1978/1996) Teenagers from Mars
73%
Collection I (1986) Where Eagles Dare
73%
Earth A.D. (1983) Die, Die My Darling
67%
Earth A.D. (1983) Earth A.D.
67%
Walk Among Us (1981) I Turned into a Martian
67%
Earth A.D. (1983) Mommy Can I Go Out & Kill Tonight?
67%
Who Killed Marilyn? (1981) Who Killed Marilyn?
67%
Walk Among Us (1981) 20 Eyes
60%
Walk Among Us (1981) Astro Zombies
60%
Static Age (1978/1996) Static Age
60%
Static Age (1978/1996) Attitude
53%
Static Age (1978/1996) Come Back
53%
Static Age (1978/1996) Hollywood Babylon
53%
Collection I (1986) London Dungeon
53%
Static Age (1978/1996) She
53%
Static Age (1978/1996) Some Kinda Hate
53%
Static Age (1978/1996) TV Casualty
53%
Walk Among Us (1981) Vampira
53%
Static Age (1978/1996) We Are 138
53%
Earth A.D. (1983) Wolfs Blood
53%
Static Age (1978/1996) Angelfuck
47%
Earth A.D. (1983) Bloodfeast
47%
Earth A.D. (1983) Death Comes Ripping
47%
Earth A.D. (1983) Demonomania
47%
Earth A.D. (1983) Devilock
47%
Collection I (1986) Horror Business
47%
Collection II (1995) Horror Hotel
47%
Static Age (1978/1996) In the Doorway
47%
Earth A.D. (1983) Queen Wasp
47%
Static Age (1978/1996) Return of the Fly
47%
Static Age (1978/1996) Theme for a Jackal
47%
Earth A.D. (1983) We Bite
47%
Walk Among Us (1981) Braineaters
40%
Collection II (1995) Cough/Cool
40%
Collection II (1995) Halloween II
40%
Static Age (1978/1996) Spinal Remains
40%
Legacy of Brutality (1985) American Nightmare
33%
Walk Among Us (1981) Devils Whorehouse
33%
Walk Among Us (1981) Hate Breeders
33%
Walk Among Us (1981) Night of the Living Dead
33%
Walk Among Us (1981) Nike-A-Go-Go
33%
Collection II (1995) Children In Heat
27%
Collection I (1986) Ghouls Night Out
27%
Earth A.D. (1983) Hellhound
27%
Walk Among Us (1981) Violent World
27%
Walk Among Us (1981) All Hell Breaks Loose
20%
Collection II (1995) Mephisto Waltz
20%
Collection II (1995) Rat Fink
20%
Walk Among Us (1981) Mommy Can I Go Out & Kill Tonight (Live)
13%
Who Killed Marilyn? (1981) Spook City USA
13%
No matching quizzes found
Score Distribution
Percent of People with Each Score
Percentile by Number Answered
Your Score History
You have not taken this quiz